书目信息 |
| 题名: |
建筑工程质量检验与安全管理
|
|
| 作者: | 白锋 主编 | |
| 分册: | ||
| 出版信息: | 北京 机械工业出版社 2006.07 |
|
| 页数: | 194页 | |
| 开本: | 26cm | |
| 丛书名: | 建设行业技能型紧缺人才培养培训工程系列教材 | |
| 单 册: | ||
| 中图分类: | TU712 | |
| 科图分类: | ||
| 主题词: | 建筑工程--jian zhu gong cheng--安全生产--生产管理--高等教育--教材 , 建筑工程--jian zhu gong cheng--质量检验--高等教育--教材 | |
| 电子资源: | ||
| ISBN: | 7-111-19231-1 | |
| 000 | 01196nam 2200289 450 | |
| 001 | 012007995314 | |
| 005 | 20071108194401.67 | |
| 010 | @a7-111-19231-1@dCNY20.00 | |
| 100 | @a20071108d2006 km y0chiy0120 ea | |
| 101 | 0 | @achi |
| 102 | @aCN@b110000 | |
| 105 | @ay a 000yy | |
| 106 | @ar | |
| 200 | 1 | @a建筑工程质量检验与安全管理@Ajian zhu gong cheng zhi liang jian yan yu an quan guan li@f白锋主编@Fbai feng zhu bian |
| 210 | @a北京@c机械工业出版社@d2006.07 | |
| 215 | @a194页@d26cm | |
| 225 | 2 | @a建设行业技能型紧缺人才培养培训工程系列教材@Ajian she hang ye ji neng xing jin que ren cai pei yang pei xun gong cheng xi lie jiao cai |
| 300 | @a高等职业教育规划教材 | |
| 320 | @a有书目 (第194页)。 | |
| 330 | @a本书分建筑工程质量检验、建筑工程安全管理两篇,主要内容包括质量管理与验收的基本知识、地基与基础工程质量检验、砌体工程质量检验等。 | |
| 410 | 0 | @12001 @a建设行业技能型紧缺人才培养培训工程系列教材 |
| 606 | 0 | @a建筑工程@Ajian zhu gong cheng@x安全生产@x生产管理@x高等教育@j教材 |
| 606 | 0 | @a建筑工程@Ajian zhu gong cheng@x质量检验@x高等教育@j教材 |
| 690 | @aTU712@v4 | |
| 701 | 0 | @a白锋@Abai feng@4主编 |
| 801 | 0 | @aCN@b@c20071108 |
| 905 | @b264667-71@dTU712@eB112@f5 | |
| 建筑工程质量检验与安全管理/白锋主编.-北京:机械工业出版社,2006.07 |
| 194页;26cm.-(建设行业技能型紧缺人才培养培训工程系列教材) |
| 高等职业教育规划教材 |
| ISBN 7-111-19231-1:CNY20.00 |
| 本书分建筑工程质量检验、建筑工程安全管理两篇,主要内容包括质量管理与验收的基本知识、地基与基础工程质量检验、砌体工程质量检验等。 |
| ● |
| 相关链接 |
|
|
|
正题名:建筑工程质量检验与安全管理
索取号:TU712/B112
 
预约/预借
| 序号 | 登录号 | 条形码 | 馆藏地/架位号 | 状态 | 备注 |
| 1 | 264667 | 202646672 | 建筑库201/201建筑库 19排2列2层/ [索取号:TU712/B112] | 在馆 | |
| 2 | 264668 | 202646681 | 建筑库201/201建筑库 19排2列2层/ [索取号:TU712/B112] | 在馆 | |
| 3 | 264669 | 202646690 | 土木与交通工程学院资料室/土木与交通学院资料室 1排1列1层/ [索取号:TU712/B112] | 在馆 | |
| 4 | 264670 | 202646707 | 土木与交通工程学院资料室/土木与交通学院资料室 1排1列1层/ [索取号:TU712/B112] | 在馆 | |
| 5 | 264671 | 202646716 | 建筑库201/201建筑库 19排2列2层/ [索取号:TU712/B112] | 在馆 |